000 00676nam a2200229Ia 4500
003 OSt
005 20220926022047.0
006 a|||||r|||| 00| 0
007 ta
008 220923b |||||||| |||| 00| 0 eng d
037 _cGeneral Book
040 _aRTL
_cRTL
_beng
041 _2eng
_aeng
082 _aV145,83:3.3N68, K8/UN
110 _aUnited Nations
245 0 _aIndex to proceeding of the Economic and social council
_b Fourty- fourth session- 1968
260 _aNew York
_bUnited Nations
_c1968
300 _avi;42p
_ccm.
700 _aUnited Nations
942 _hV145,83:3.3N68, K8/UN
_cGB
_2CC
999 _c638373
_d638373